01137nam a2200277 a 4500001000800000005001700008008004100025020001500066040001300081082002400094100004000118245010200158260008300260300002800343504004900371651005100420651004100471651004700512651004300559653001700602700002700619710006200646942001200708999001700720952012200737309332219980423144101.4980225s1997 dcua b i000 0 eng  a1557757119 aDLCcDLC00a330.956053221bERI1 aEl-Erian, Mohamed A.,d1958-92981614aThe Economy of the Middle East and North Africa in 1997 /cMohamed A. El-Erian and Susan Fennell. aWashington, D.C. :bMiddle Eastern Dept., International Monetary Fund,cc1997. a40 p. :bill. ;c28 cm. aIncludes bibliographical references (p. 37). 0aMiddle EastxEconomic conditionsy1979-929817 0aMiddle EastxEconomic policy.929818 0aAfrica, NorthxEconomic conditions.929819 0aAfrica, NorthxEconomic policy.929820 bEcocMay20121 aFennell, Susan.9298212 aInternational Monetary Fund.bMiddle Eastern Dept.929822 2ddccBB c16708d16708 00102ddc40708BaccahaMAINbMAINc1STd2012-05-02epurchasel0o330.956053 ERIp000026742r2025-07-15 00:00:00yNB